Music Quiz

Random Music or Bands Quiz

Woodstock Bands Quiz Stats

 Plays Quiz Updated May 10, 2019

Score 0/32 Timer 10:00
1 Play Today
Day Band % Correct
Day 4Jimi Hendrix
91.5%
Day 2Janis Joplin
65.6%
Day 2The Who
64.7%
Day 2Jefferson Airplane
46.1%
Day 2Grateful Dead
45.2%
Day 3Crosby, Stills, Nash & Young
39.8%
Day 2Santana
35.5%
Day 1Joan Baez
30.7%
Day 3Joe Cocker
28.9%
Day 2Creedence Clearwater Revival
28.2%
Day 3The Band
27.1%
Day 3Country Joe & The Fish
26.1%
Day 1Richie Havens
25.9%
Day 4Sha-Na-Na
21.5%
Day 2Sly & The Family Stone
20.8%
Day 2Canned Heat
19.8%
Day Band % Correct
Day 1Arlo Guthrie
18.9%
Day 3Ten Years After
17.2%
Day 2John B. Sebastian
12.7%
Day 2Country Joe McDonald
12.3%
Day 1Ravi Shankar
12%
Day 3Leslie West
10.9%
Day 1Melanie
10.5%
Day 1Sweetwater
10%
Day 3Blood Sweat And Tears
8.5%
Day 4Paul Butterfield Blues Band
8.1%
Day 3Johnny Winter
7.6%
Day 1Tim Hardin
6.9%
Day 2Incredible String Band
6.8%
Day 2Quill
6.7%
Day 1Bert Sommer
5.6%
Day 2Keef Hartley Band
4.8%

You're not logged in!

Compare scores with friends on all Sporcle quizzes.
OR
Log In

Sporcle TV

Today on Sporcle TV


Watch our educational content, quiz creation guides, and fun videos on Sporcle TV.

Show Comments

Extras

Top Quizzes Today


Score Distribution

Your Account Isn't Verified!

In order to create a playlist on Sporcle, you need to verify the email address you used during registration. Go to your Sporcle Settings to finish the process.

Report this User

Report this user for behavior that violates our Community Guidelines.

Details: